[Event "LYM - Open Général"]
[Site "Lausanne - Casino de Montbenon"]
[Date "2006.09.17"]
[Round "5"]
[White "Zatonskih, Anna"]
[Black "Strugnell, Carl"]
[Result "1-0"]
[WhiteElo "2432"]
[BlackElo "2216"]
[PlyCount "83"]
[EventDate "2006.09.15"]
[SourceDate "2006.09.17"]

1. e4 c5 2. g3 d5 3. exd5 Qxd5 4. Nf3 Bg4 5. Bg2 Nc6 6. h3 Bh5 7. O-O Qd6 8. d3
Nf6 9. Na3 e6 10. Bf4 Qd8 11. g4 Bg6 12. Ne5 Nd5 13. Nxc6 bxc6 14. Bg3 Bd6 15.
Bxd6 Qxd6 16. Nc4 Qc7 17. Qe2 O-O 18. Qe5 Qe7 19. Rae1 Rad8 20. f4 Rfe8 21. Qe2
f6 22. Qf2 Bf7 23. Na5 Qc7 24. Nb3 Rb8 25. Rb1 e5 26. Nxc5 Nxf4 27. Na6 Qa5 28.
Nxb8 Rxb8 29. b3 Kh8 30. Kh2 Rd8 31. Bxc6 Rc8 32. b4 Qxa2 33. b5 h5 34. Ra1 Qe6
35. Rxa7 hxg4 36. Bd7 g3+ 37. Kxg3 Rxc2 38. Bxe6 Rxf2 39. Raa1 Kh7 40. Bf5+ g6
41. Rxf2 Nh5+ 42. Kh2 1-0

[Event "LYM - Open Général"]
[Site "Lausanne - Casino de Montbenon"]
[Date "2006.09.17"]
[Round "5"]
[White "Shoker, Samy"]
[Black "Vianin, Pascal"]
[Result "1-0"]
[WhiteElo "2355"]
[BlackElo "2197"]
[PlyCount "119"]

1. g3 Nf6 2. Bg2 d5 3. d3 e5 4. a3 Nc6 5. Nd2 Be6 6. b4 d4 7. Bb2 Nd5 8. Ngf3
f6 9. O-O Qd7 10. Re1 a5 11. b5 Nd8 12. a4 Bb4 13. e3 dxe3 14. fxe3 O-O 15. c4
Ne7 16. Qc2 Bf5 17. Bf1 Ne6 18. Nh4 Bg4 19. Bc3 Bxc3 20. Qxc3 Ng5 21. d4 Nf5
22. Nxf5 Qxf5 23. Bg2 Nh3+ 24. Bxh3 Bxh3 25. d5 h5 26. e4 Qd7 27. c5 b6 28. Nc4
Rab8 29. Qe3 bxc5 30. Nxa5 f5 31. Nc6 Rbe8 32. a5 f4 33. Qc3 fxg3 34. hxg3 Qg4
35. Re3 Qg5 36. a6 h4 37. a7 hxg3 38. Rxg3 Bg4 39. Nxe5 Rxe5 40. a8=Q Rxa8 41.
Rxa8+ Kh7 42. Qe3 Qg6 43. Ra4 Rh5 44. Qf4 Rh4 45. Ra2 c4 46. Rh2 Qb6+ 47. Qe3
Rxh2 48. Qxb6 cxb6 49. Kxh2 Bd7 50. e5 Bxb5 51. e6 Kg8 52. d6 Kf8 53. d7 Bxd7
54. exd7 Ke7 55. Rxg7+ Kd8 56. Kg3 c3 57. Kf4 c2 58. Rg1 Kxd7 59. Rc1 Kd6 60.
Rxc2 1-0

[Event "LYM - Open Général"]
[Site "Lausanne - Casino de Montbenon"]
[Date "2006.09.17"]
[Round "5"]
[White "Epishin, Vladimir"]
[Black "Lamoureux, Charles"]
[Result "1-0"]
[WhiteElo "2555"]
[BlackElo "2375"]
[PlyCount "61"]

1. d4 d5 2. c4 e6 3. Nf3 Nf6 4. Nc3 Be7 5. Bf4 O-O 6. e3 Nbd7 7. Rc1 dxc4 8.
Bxc4 a6 9. a4 c5 10. O-O cxd4 11. exd4 Nb6 12. Bb3 Nbd5 13. Bg3 Nb4 14. Ne5 b6
15. Re1 Kh8 16. Na2 Bb7 17. Rc7 Bd5 18. Nxb4 Bxb4 19. Bxd5 Nxd5 20. Nxf7+ Rxf7
21. Rxf7 Qe8 22. Qf3 Kg8 23. Rxg7+ Kxg7 24. Be5+ Kg8 25. Re4 Qf7 26. Rg4+ Kf8
27. Rf4 Ra7 28. Rxf7+ Rxf7 29. Qe4 Ra7 30. g3 Ke8 31. Bd6 1-0

[Event "LYM - Open Général"]
[Site "Lausanne - Casino de Montbenon"]
[Date "2006.09.17"]
[Round "5"]
[White "Gerber, Richard"]
[Black "Libiszewski, Fabien"]
[Result "1/2-1/2"]
[WhiteElo "2363"]
[BlackElo "2482"]
[PlyCount "120"]

1. d4 d5 2. c4 c6 3. Nc3 Nf6 4. cxd5 cxd5 5. Bf4 Nc6 6. e3 a6 7. Bd3 Bg4 8.
Nge2 e6 9. Rc1 Be7 10. O-O Bh5 11. Na4 Nd7 12. Qb3 Ra7 13. Bg3 Bg6 14. Nf4 Bxd3
15. Nxd3 O-O 16. Nac5 Nxc5 17. Nxc5 Na5 18. Qa4 Nc4 19. Qc2 Qa5 20. b3 Nd6 21.
Nd3 Qa3 22. f3 h6 23. Qe2 Nb5 24. Rc2 Raa8 25. Rfc1 Bd6 26. Qf2 a5 27. Nc5 Bxg3
28. hxg3 Rfc8 29. Nxb7 Qxc1+ 30. Rxc1 Rxc1+ 31. Kh2 a4 32. bxa4 Nc7 33. Qb2 Rc6
34. Nc5 Ne8 35. Qb7 Rcc8 36. g4 Nd6 37. Qe7 Nc4 38. e4 dxe4 39. fxe4 Nb2 40. a5
Re8 41. Qd7 Red8 42. Qb5 Rdb8 43. Nb7 Nd1 44. a6 Nc3 45. Qd3 Nxe4 46. Qxe4 Rxa6
47. Nc5 Ra3 48. Nd7 Rd8 49. Qc2 Rda8 50. Nb6 Rxa2 51. Qc4 R8a7 52. Nd7 Ra8 53.
Nb6 R8a7 54. Qc8+ Kh7 55. Qe8 Re2 56. Nd7 Raa2 57. Nf8+ Kg8 58. Nd7+ Kh7 59.
Kh3 Ra3+ 60. Kh2 Raa2 1/2-1/2

[Event "LYM - Open Général"]
[Site "Lausanne - Casino de Montbenon"]
[Date "2006.09.17"]
[Round "5"]
[White "Khenkin, Igor"]
[Black "Paci, Cédric"]
[Result "1/2-1/2"]
[WhiteElo "2586"]
[BlackElo "2260"]
[PlyCount "114"]

1. d4 e6 2. Nf3 f5 3. g3 Nf6 4. Bg2 Be7 5. O-O O-O 6. c4 d6 7. b3 Ne4 8. Bb2
Bf6 9. Nbd2 Nc6 10. e3 Nxd2 11. Qxd2 e5 12. dxe5 dxe5 13. Qd5+ Kh8 14. Ba3 Re8
15. Rad1 Be6 16. Qd2 Qxd2 17. Nxd2 e4 18. f3 exf3 19. Bxf3 a5 20. Bxc6 bxc6 21.
Bc5 a4 22. e4 axb3 23. axb3 g6 24. g4 f4 25. Rxf4 Be5 26. Rff1 Bxg4 27. Nf3 Bg7
28. Rde1 Rab8 29. Nd4 Kg8 30. e5 Rxe5 31. Rxe5 Bxe5 32. Nxc6 Re8 33. Ne7+ Kg7
34. Re1 Kf6 35. Kg2 Be6 36. Nc6 Bb2 37. Rf1+ Kg7 38. Rf2 Bf6 39. Bd4 Bxd4 40.
Nxd4 Bd7 41. c5 Re3 42. Rf3 Rxf3 43. Kxf3 c6 44. b4 Kf6 45. b5 cxb5 46. c6 Be6
47. c7 Bc8 48. Nxb5 Ke6 49. Kf4 Kd7 50. Kg5 Ba6 51. Nc3 Kxc7 52. Ne4 Bd3 53.
Nf6 Kd6 54. Nxh7 Ke7 55. Nf6 Kf7 56. Nd7 Kg7 57. Ne5 Bc2 1/2-1/2

[Event "LYM - Open Général"]
[Site "Lausanne - Casino de Montbenon"]
[Date "2006.09.17"]
[Round "5"]
[White "Hauchard, Arnaud"]
[Black "Hindermann, Félix"]
[Result "1-0"]
[WhiteElo "2483"]
[BlackElo "2244"]
[PlyCount "103"]

1. c4 b6 2. Nc3 Bb7 3. e4 e6 4. Nge2 c5 5. g3 Nc6 6. Bg2 Nge7 7. O-O Nd4 8.
Nxd4 cxd4 9. Ne2 d3 10. Nf4 g6 11. Nxd3 Bg7 12. Ne1 Rc8 13. d3 O-O 14. Rb1 d5
15. exd5 exd5 16. b3 Qd7 17. Bb2 Rfd8 18. Bxg7 Kxg7 19. Nf3 Qf5 20. Qe2 Qf6 21.
Qb2 Rc7 22. Rfe1 dxc4 23. dxc4 Bxf3 24. Bxf3 Rcd7 25. Re2 Rd1+ 26. Rxd1 Rxd1+
27. Kg2 Nf5 28. Qxf6+ Kxf6 29. Rc2 Re1 30. c5 Nd4 31. cxb6 axb6 32. Rc4 Nxf3
33. Kxf3 Re6 34. Rf4+ Kg7 35. a4 h5 36. h4 Kg8 37. Re4 Rc6 38. Rc4 Rd6 39. Ke3
Kg7 40. Rd4 Re6+ 41. Kd3 Kf8 42. Rc4 Rf6 43. Rf4 Rc6 44. Re4 Rf6 45. f4 Rc6 46.
Kd4 Rd6+ 47. Kc4 Kg7 48. b4 Kf6 49. Re5 Rc6+ 50. Kb5 Rd6 51. Ka6 Rd4 52. Rb5
1-0

[Event "LYM - Open Général"]
[Site "Lausanne - Casino de Montbenon"]
[Date "2006.09.18"]
[Round "6"]
[White "Epishin, Vladimir"]
[Black "Malakhatko, Vadim"]
[Result "1/2-1/2"]
[WhiteElo "2555"]
[BlackElo "2594"]
[PlyCount "44"]
[EventDate "2006.09.18"]

1. d4 d5 2. c4 c6 3. Nf3 Nf6 4. e3 Bf5 5. Nc3 e6 6. Nh4 Bg6 7. Qb3 Qc7 8. Nxg6
hxg6 9. Bd2 Nbd7 10. cxd5 exd5 11. g3 Be7 12. Be2 Nf8 13. O-O-O Ne6 14. Kb1 a6
15. f3 b5 16. Be1 Rd8 17. Rc1 Qb8 18. Nd1 Rc8 19. Bb4 c5 20. dxc5 Bxc5 21. Nf2
O-O 22. Bxc5 Nxc5 1/2-1/2

[Event "LYM - Open Général"]
[Site "Lausanne - Casino de Montbenon"]
[Date "2006.09.18"]
[Round "6"]
[White "Libiszewski, Fabien"]
[Black "Zozulia, Anna"]
[Result "1-0"]
[WhiteElo "2482"]
[BlackElo "2352"]
[PlyCount "39"]
[EventDate "2006.09.18"]

1. e4 g6 2. d4 Bg7 3. Nc3 d6 4. Be3 c6 5. f4 Nf6 6. h3 Qa5 7. Qf3 d5 8. e5 Ne4
9. Bd3 Na6 10. g4 h5 11. f5 hxg4 12. hxg4 gxf5 13. Rxh8+ Bxh8 14. gxf5 Nxc3 15.
Bd2 Qb6 16. Qh1 Bxe5 17. dxe5 Ne4 18. Bxe4 dxe4 19. Qh8+ Kd7 20. O-O-O 1-0

[Event "LYM - Open Général"]
[Site "Lausanne - Casino de Montbenon"]
[Date "2006.09.18"]
[Round "6"]
[White "Gallagher, Joseph"]
[Black "Shoker, Samy"]
[Result "1-0"]
[WhiteElo "2516"]
[BlackElo "2355"]
[PlyCount "55"]
[EventDate "2006.09.18"]

1. e4 g6 2. d4 Bg7 3. Nf3 d6 4. Nc3 c6 5. a4 a5 6. Be2 Na6 7. O-O Nf6 8. h3 O-O
9. Bf4 Nd7 10. Qd2 e5 11. Bg5 Qb6 12. d5 c5 13. Nb5 Nf6 14. Qe3 Qd8 15. Nd2 Nc7
16. f4 Nxb5 17. fxe5 Nd4 18. exf6 Bh8 19. Bd3 Re8 20. Qf4 Qc7 21. Nc4 Ra6 22.
c3 b5 23. cxd4 bxc4 24. Bxc4 cxd4 25. Bxa6 Bxa6 26. Rac1 Qb8 27. Rf2 Bd3 28.
Qd2 1-0

[Event "LYM - Open Général"]
[Site "Lausanne - Casino de Montbenon"]
[Date "2006.09.18"]
[Round "6"]
[White "Deslandes, Pascal"]
[Black "Genov, Petar"]
[Result "0-1"]
[WhiteElo "2287"]
[BlackElo "2479"]
[PlyCount "86"]
[EventDate "2006.09.18"]
[SourceDate "2006.09.18"]

1. e4 c5 2. c3 d5 3. exd5 Qxd5 4. d4 Nf6 5. Nf3 Bg4 6. Be2 e6 7. O-O Nc6 8. h3
Bh5 9. c4 Qd7 10. dxc5 Bxc5 11. Nc3 Qe7 12. Na4 Bd6 13. Nd4 Nxd4 14. Bxh5 Rd8
15. Bf3 Bb8 16. Be3 Qc7 17. g3 Qxc4 18. Bxd4 Qxd4 19. Bxb7 Qb4 20. Bc6+ Ke7 21.
Qf3 Rd2 22. a3 Qd4 23. Rad1 Rd8 24. Rxd2 Qxd2 25. Qb3 g5 26. Bf3 Qd3 27. Qb7+
Qd7 28. Qxd7+ Rxd7 29. Rd1 Rxd1+ 30. Bxd1 Be5 31. Kf1 Bd4 32. Ke2 Ne4 33. f4
Nxg3+ 34. Kf3 gxf4 35. Kxf4 Nf1 36. Ke4 Bg7 37. Nc3 f5+ 38. Kd3 Ng3 39. b4 Bxc3
40. Kxc3 Ne4+ 41. Kd4 Nf2 42. Bb3 Kd6 43. h4 f4 0-1

[Event "LYM - Open Général"]
[Site "Lausanne - Casino de Montbenon"]
[Date "2006.09.18"]
[Round "6"]
[White "Paci, Cédric"]
[Black "Philippe, Christophe"]
[Result "1-0"]
[WhiteElo "2260"]
[BlackElo "2411"]
[PlyCount "78"]
[EventDate "2006.09.18"]
[SourceDate "2006.09.18"]

1. e4 Nf6 2. e5 Nd5 3. d4 d6 4. c4 Nb6 5. exd6 cxd6 6. Nc3 g6 7. Bd3 Bg7 8.
Nge2 O-O 9. O-O Nc6 10. Be3 Nb4 11. b3 Nxd3 12. Qxd3 Bf5 13. Qd2 Rc8 14. a4 Qd7
15. d5 Rce8 16. a5 Nc8 17. Rad1 h5 18. b4 h4 19. h3 Kh7 20. c5 Rg8 21. Nd4 dxc5
22. bxc5 Rd8 23. Qe2 Rge8 24. Qf3 Kg8 25. Ndb5 Bc2 26. c6 bxc6 27. dxc6 Qf5 28.
Qxf5 gxf5 29. Rxd8 Rxd8 30. Rc1 f4 31. Bxa7 Bxc3 32. Rxc2 Bxa5 33. Bd4 e5 34.
Bc3 Bb6 35. Rb2 Rd1+ 36. Kh2 Rf1 37. Nd6 Nxd6 38. Rxb6 Rxf2 39. c7 Rc2 1-0

[Event "LYM - Open Général"]
[Site "Lausanne - Casino de Montbenon"]
[Date "2006.09.18"]
[Round "6"]
[White "Raetsky, Alexander"]
[Black "Peric, Slavisa"]
[Result "1/2-1/2"]
[WhiteElo "2412"]
[BlackElo "2274"]
[PlyCount "51"]
[EventDate "2006.09.18"]
[SourceDate "2006.09.18"]

1. c4 e5 2. Nc3 Nc6 3. e3 Bb4 4. Nge2 d6 5. a3 Bxc3 6. Nxc3 Nge7 7. b4 Be6 8.
Be2 O-O 9. O-O f6 10. d4 exd4 11. exd4 d5 12. Bf3 Bf7 13. cxd5 Nxd5 14. Ne4
Nde7 15. Bb2 Bd5 16. b5 Na5 17. Bc3 Nc4 18. Bb4 Re8 19. Re1 c6 20. bxc6 bxc6
21. Rc1 Nf5 22. Qd3 Nb6 23. g3 a5 24. Bd2 Nd6 25. Nxd6 Rxe1+ 26. Rxe1 1/2-1/2

[Event "LYM - Open Général"]
[Site "Lausanne - Casino de Montbenon"]
[Date "2006.09.18"]
[Round "6"]
[White "Iordachescu, Viorel"]
[Black "Marzolo, Cyril"]
[Result "1/2-1/2"]
[WhiteElo "2603"]
[BlackElo "2440"]
[PlyCount "129"]
[EventDate "2006.09.18"]
[SourceDate "2006.09.18"]

1. e4 e6 2. d4 d5 3. Nc3 Bb4 4. e5 c5 5. a3 Bxc3+ 6. bxc3 Ne7 7. Nf3 b6 8. Bb5+
Bd7 9. Bd3 Ba4 10. O-O Nbc6 11. Re1 c4 12. Bf1 h6 13. Re3 Kd7 14. Ne1 Qg8 15.
Qh5 Rf8 16. f4 Qh7 17. Qe2 Nd8 18. Rb1 b5 19. Rb2 f5 20. Rh3 Nf7 21. Nf3 Qg8
22. Qf2 g6 23. Rg3 Qh7 24. h4 h5 25. Qe1 a5 26. Nd2 Rb8 27. Nb3 Bxb3 28. cxb3
a4 29. bxa4 bxa4 30. Rb4 Rxb4 31. cxb4 Qg8 32. b5 Qa8 33. Qb4 Rb8 34. Be2 Qa7
35. Bb2 Ra8 36. Bd1 Ke8 37. Bc3 Nd8 38. Re3 Kf7 39. Re2 Nb7 40. Rb2 Nc8 41. Kf1
Nb6 42. Ke1 Qb8 43. Rb1 Qd8 44. g3 Qc7 45. Qb2 Na5 46. Bxa5 Rxa5 47. Qb4 Ra8
48. Kd2 Ke8 49. Kc3 Kd7 50. Bc2 Ke8 51. Ra1 Kf7 52. Rh1 Qa7 53. Rb1 Rc8 54. Bd1
Rc7 55. Rb2 Rd7 56. Rh2 Rd8 57. Bc2 Ra8 58. Rh1 Rd8 59. Rb1 Rd7 60. Bd1 Rd8 61.
Qc5 Rd7 62. Bc2 Re7 63. Qb4 Rd7 64. Rh1 Rd8 65. Rb1 1/2-1/2

[Event "LYM - Open Général"]
[Site "Lausanne - Casino de Montbenon"]
[Date "2006.09.18"]
[Round "6"]
[White "Lamoureux, Charles"]
[Black "Michiels, Luc"]
[Result "1-0"]
[WhiteElo "2375"]
[BlackElo "2195"]
[PlyCount "81"]
[EventDate "2006.09.18"]
[SourceDate "2006.09.18"]

1. e4 Nf6 2. e5 Nd5 3. d4 d6 4. Nf3 Nc6 5. c4 Nb6 6. Be3 Bg4 7. exd6 cxd6 8.
Nbd2 g6 9. h3 Bxf3 10. Nxf3 Bg7 11. Rc1 O-O 12. Be2 d5 13. c5 Nc8 14. b4 a6 15.
O-O e6 16. Qd2 N8e7 17. g4 Qd7 18. a4 f5 19. Rb1 fxg4 20. hxg4 e5 21. Nxe5 Bxe5
22. dxe5 Nxe5 23. f3 Rad8 24. Bg5 Rf7 25. Qe3 Nc4 26. Qc3 Qc7 27. Kg2 Qe5 28.
Qxe5 Nxe5 29. Rfe1 Rd7 30. Rbd1 Kg7 31. b5 axb5 32. axb5 h5 33. Be3 Kf8 34. Bd4
Nc4 35. Kg3 hxg4 36. fxg4 Ng8 37. Bd3 Ne7 38. Rh1 Ke8 39. Rde1 Kd8 40. Rh8+ Kc7
41. Bxc4 1-0

[Event "LYM - Open Général"]
[Site "Lausanne - Casino de Montbenon"]
[Date "2006.09.18"]
[Round "6"]
[White "Hindermann, Félix"]
[Black "Khenkin, Igor"]
[Result "1/2-1/2"]
[WhiteElo "2244"]
[BlackElo "2586"]
[PlyCount "46"]
[EventDate "2006.09.18"]
[SourceDate "2006.09.18"]

1. e4 g6 2. d4 Bg7 3. Nc3 c6 4. Bc4 d6 5. Qf3 e6 6. Nge2 Nd7 7. a4 Ngf6 8. Qg3
Qe7 9. O-O e5 10. dxe5 Nxe5 11. Ba2 Be6 12. Qh4 Bxa2 13. Rxa2 h6 14. a5 Ned7
15. Be3 a6 16. Ra4 Nc5 17. Rd4 g5 18. Qh3 Nfxe4 19. Rb4 O-O 20. Nd4 Nxc3 21.
bxc3 Ne6 22. Nf5 Qf6 23. Rxb7 Rfd8 1/2-1/2

[Event "LYM - Open Général"]
[Site "Lausanne - Casino de Montbenon"]
[Date "2006.09.18"]
[Round "6"]
[White "Gaulé, Patrick"]
[Black "Zatonskih, Anna"]
[Result "0-1"]
[WhiteElo "2162"]
[BlackElo "2432"]
[PlyCount "148"]
[EventDate "2006.09.18"]
[SourceDate "2006.09.18"]

1. d4 Nf6 2. c4 Nc6 3. Nc3 e5 4. d5 Ne7 5. e4 Ng6 6. Be3 Bb4 7. f3 Bxc3+ 8.
bxc3 O-O 9. g3 d6 10. c5 Nd7 11. cxd6 cxd6 12. Qd2 Qc7 13. h4 Nc5 14. h5 Ne7
15. g4 Bd7 16. Rc1 b5 17. Ne2 a5 18. Ng3 f6 19. Kf2 Kh8 20. Be2 Ng8 21. Kg2 Na4
22. c4 b4 23. c5 dxc5 24. d6 Qc6 25. Rhd1 Nc3 26. Rxc3 bxc3 27. Qxc3 Rfc8 28.
Bc4 Rab8 29. Rd2 Qb6 30. h6 Nxh6 31. Bxh6 gxh6 32. Qe3 Qd8 33. Nh5 Qf8 34. Qc3
Rb6 35. Qxa5 Rxd6 36. Rb2 Be8 37. Ng3 Bg6 38. Rb7 Qd8 39. Qa7 Rd2+ 40. Kh3 Ra8
41. Qxc5 Rc8 42. Qb5 Qf8 43. a4 h5 44. gxh5 Be8 45. Qa6 Bd7+ 46. Rxd7 Rxd7 47.
Nf5 Ra8 48. Qe6 Rda7 49. Nd6 Re7 50. Qd5 Rd7 51. Nf7+ Rxf7 52. Qxf7 Qxf7 53.
Bxf7 Rxa4 54. h6 Ra1 55. Kg2 Ra6 56. Bc4 Rc6 57. Bd5 Rd6 58. Bf7 f5 59. exf5
Rxh6 60. Kg3 Ra6 61. Bc4 Rb6 62. Bd5 Rb4 63. Be4 Rb6 64. Kh4 Kg7 65. Kg5 h6+
66. Kh5 Rb2 67. Kg4 Kf6 68. Kg3 Kg5 69. Kh3 Ra2 70. Kg3 Rd2 71. Kh3 Rb2 72. Kg3
Rb6 73. Kh3 Rd6 74. Kg3 Rf6 0-1

[Event "LYM - Open Général"]
[Site "Lausanne - Casino de Montbenon"]
[Date "2006.09.18"]
[Round "6"]
[White "Fridman, Daniel"]
[Black "Hauchard, Arnaud"]
[Result "1-0"]
[WhiteElo "2569"]
[BlackElo "2483"]
[PlyCount "83"]
[EventDate "2006.09.18"]

1. d4 Nf6 2. c4 e6 3. Nf3 Bb4+ 4. Bd2 Qe7 5. g3 Nc6 6. Nc3 Bxc3 7. Bxc3 Ne4 8.
Rc1 O-O 9. Bg2 d6 10. d5 Nxc3 11. Rxc3 Nb8 12. O-O e5 13. b4 a5 14. Ra3 Nd7 15.
Nd2 b6 16. Qc2 Ra6 17. bxa5 bxa5 18. e4 c6 19. Rb1 Nc5 20. Nb3 Qa7 21. Qc3 f5
22. Nxc5 Qxc5 23. Qe3 Qxe3 24. fxe3 cxd5 25. exd5 a4 26. Bf1 Ra7 27. Rb6 Rd8
28. Bd3 Kf8 29. Bc2 Rc7 30. Rxa4 Ke7 31. Bb3 Rdd7 32. Ra8 Rc5 33. Rb5 Rdc7 34.
Rxc5 Rxc5 35. Ra7+ Kf6 36. Kf2 h5 37. h4 g5 38. Rh7 gxh4 39. gxh4 Ba6 40. Rd7
Bxc4 41. Rxd6+ Kf7 42. Rc6 1-0

[Event "LYM - Open Général"]
[Site "Lausanne - Casino de Montbenon"]
[Date "2006.09.18"]
[Round "6"]
[White "Guliyev, Namig"]
[Black "Gerber, Richard"]
[Result "1-0"]
[WhiteElo "2543"]
[BlackElo "2363"]
[PlyCount "71"]
[EventDate "2006.09.18"]

1. e4 c5 2. Nf3 d6 3. c3 Nf6 4. Bd3 Bg4 5. h3 Bxf3 6. Qxf3 Nc6 7. Bc2 g6 8. d3
Bg7 9. O-O O-O 10. Qe2 b5 11. Be3 Nd7 12. a3 Qc7 13. Bb3 e6 14. Nd2 Qb7 15. f4
Nb6 16. f5 Qe7 17. Qf2 exf5 18. exf5 Na5 19. Ba2 gxf5 20. Rae1 Qf6 21. Qxf5
Qxf5 22. Rxf5 Rae8 23. Ne4 Nac4 24. Nf6+ Bxf6 25. dxc4 Kg7 26. cxb5 Re5 27.
Rxe5 Bxe5 28. Bxc5 Re8 29. Bf2 Na4 30. Bxa7 Bh2+ 31. Kf1 Rxe1+ 32. Kxe1 Nxb2
33. Bd4+ Kf8 34. b6 Nd3+ 35. Kd2 Nc5 36. Bd5 1-0

[Event "LYM - Open Général"]
[Site "Lausanne - Casino de Montbenon"]
[Date "2006.09.18"]
[Round "7"]
[White "Zatonskih, Anna"]
[Black "Fridman, Daniel"]
[Result "1/2-1/2"]
[WhiteElo "2432"]
[BlackElo "2569"]
[PlyCount "21"]
[EventDate "2006.09.18"]
[SourceDate "2006.09.18"]

1. e4 e5 2. Nf3 Nf6 3. Nc3 Nc6 4. d4 exd4 5. Nxd4 Bb4 6. Nxc6 bxc6 7. Bd3 d5 8.
exd5 cxd5 9. O-O O-O 10. Bg5 c6 11. Na4 1/2-1/2

[Event "LYM - Open Général"]
[Site "Lausanne - Casino de Montbenon"]
[Date "2006.09.18"]
[Round "7"]
[White "Raetsky, Alexander"]
[Black "Lamoureux, Charles"]
[Result "1/2-1/2"]
[WhiteElo "2412"]
[BlackElo "2375"]
[PlyCount "23"]
[EventDate "2006.09.18"]
[SourceDate "2006.09.18"]

1. d4 d5 2. c4 e6 3. Nf3 Nf6 4. g3 Be7 5. Bg2 O-O 6. O-O Nbd7 7. Qc2 a6 8. Bf4
dxc4 9. Qxc4 Nd5 10. Rc1 c5 11. dxc5 Nxc5 12. Nc3 1/2-1/2

[Event "LYM - Open Général"]
[Site "Lausanne - Casino de Montbenon"]
[Date "2006.09.18"]
[Round "7"]
[White "Genov, Petar"]
[Black "Epishin, Vladimir"]
[Result "1/2-1/2"]
[WhiteElo "2479"]
[BlackElo "2555"]
[PlyCount "46"]
[EventDate "2006.09.18"]
[SourceDate "2006.09.18"]

1. d4 Nf6 2. c4 e6 3. Nf3 b6 4. g3 Ba6 5. b3 Bb7 6. Bg2 Bb4+ 7. Bd2 a5 8. O-O
O-O 9. a3 Be7 10. Nc3 d5 11. Ne5 Na6 12. Bf4 Ne4 13. Qc2 Nxc3 14. Qxc3 c5 15.
cxd5 exd5 16. Rfd1 Bf6 17. Nf3 cxd4 18. Nxd4 Nc5 19. Be3 Re8 20. Rac1 a4 21.
bxa4 Rxa4 22. Rb1 Rc4 23. Qd2 g6 1/2-1/2

[Event "LYM - Open Général"]
[Site "Lausanne - Casino de Montbenon"]
[Date "2006.09.18"]
[Round "7"]
[White "Gerber, Richard"]
[Black "Strugnell, Carl"]
[Result "1-0"]
[WhiteElo "2363"]
[BlackElo "2216"]
[PlyCount "71"]
[EventDate "2006.09.18"]
[SourceDate "2006.09.18"]

1. d4 Nf6 2. c4 e6 3. Nc3 d5 4. cxd5 exd5 5. Bg5 c6 6. Qc2 Nbd7 7. e3 Be7 8.
Bd3 Nf8 9. Nge2 Ne6 10. Bh4 g6 11. O-O Ng7 12. f3 O-O 13. Rad1 Be6 14. h3 Rc8
15. e4 b5 16. Kh1 h5 17. Qc1 Kh7 18. Bf2 b4 19. Na4 dxe4 20. fxe4 Bxa2 21. Nc5
Ne6 22. b3 Nxc5 23. dxc5 Bxb3 24. Bc2 Bd5 25. exd5 cxd5 26. Nf4 Qd7 27. Bd4 Ng8
28. Qe3 h4 29. Qe5 Bf6 30. Nxg6 fxg6 31. Qh5+ Kg7 32. Qxg6+ Kh8 33. Rf4 Qg7 34.
Rxh4+ Nh6 35. Rxh6+ Kg8 36. Bxf6 1-0

[Event "LYM - Open Général"]
[Site "Lausanne - Casino de Montbenon"]
[Date "2006.09.18"]
[Round "7"]
[White "Hauchard, Arnaud"]
[Black "Libiszewski, Fabien"]
[Result "1/2-1/2"]
[WhiteElo "2483"]
[BlackElo "2482"]
[PlyCount "49"]
[EventDate "2006.09.18"]
[SourceDate "2006.09.18"]

1. c4 e5 2. Nc3 Nf6 3. Nf3 Nc6 4. e3 Bb4 5. Be2 O-O 6. O-O e4 7. Ne1 Re8 8. f3
exf3 9. gxf3 d5 10. cxd5 Nxd5 11. Kh1 Re6 12. f4 Rh6 13. Nf3 Bg4 14. Rg1 Nf6
15. d3 Qd7 16. a3 Bf8 17. Ne5 Bxe2 18. Qxe2 Nxe5 19. fxe5 Ne8 20. d4 Re6 21.
Bd2 f6 22. exf6 Nxf6 23. Qf3 c6 24. Raf1 Rae8 25. Rg5 1/2-1/2

[Event "LYM - Open Général"]
[Site "Lausanne - Casino de Montbenon"]
[Date "2006.09.18"]
[Round "7"]
[White "Peric, Slavisa"]
[Black "Iordachescu, Viorel"]
[Result "0-1"]
[WhiteElo "2274"]
[BlackElo "2603"]
[PlyCount "68"]
[EventDate "2006.09.18"]
[SourceDate "2006.09.18"]

1. d4 Nf6 2. Nf3 g6 3. Bg5 Bg7 4. Nbd2 O-O 5. e3 d6 6. c3 Nbd7 7. Bd3 e5 8. O-O
h6 9. Bh4 Qe8 10. dxe5 dxe5 11. e4 Nc5 12. Bc2 Bd7 13. b4 Na4 14. Bxa4 Bxa4 15.
Qe2 Nh5 16. Bg3 Rd8 17. Nb3 b6 18. Rfd1 Qe6 19. Rxd8 Rxd8 20. Rd1 Rxd1+ 21.
Qxd1 Kh7 22. Nfd2 Nf4 23. Qf3 Qd7 24. h3 Nd3 25. Qe2 Bc6 26. f3 Bb5 27. c4 Ba4
28. a3 h5 29. Bf2 Nxf2 30. Kxf2 h4 31. Qe3 Bh6 32. Qc3 Bxb3 33. Nxb3 Qd1 34.
Na1 Bd2 0-1

[Event "LYM - Open Général"]
[Site "Lausanne - Casino de Montbenon"]
[Date "2006.09.18"]
[Round "7"]
[White "Khenkin, Igor"]
[Black "Helstroffer, Arnaud"]
[Result "1-0"]
[WhiteElo "2586"]
[BlackElo "2243"]
[PlyCount "93"]
[EventDate "2006.09.18"]
[SourceDate "2006.09.18"]

1. d4 Nf6 2. c4 g6 3. Nc3 Bg7 4. e4 d6 5. f3 O-O 6. Nge2 c5 7. d5 e6 8. Ng3
exd5 9. cxd5 Nh5 10. Nxh5 gxh5 11. Bd3 Nd7 12. O-O Ne5 13. Bc2 Kh8 14. Ne2 b5
15. Kh1 h4 16. Nf4 Ng6 17. Nh5 Bd4 18. Bh6 f5 19. Bxf8 Qxf8 20. exf5 Bxf5 21.
Be4 Qf7 22. Qe2 b4 23. Rad1 Rf8 24. h3 Ne7 25. Nf4 Bc8 26. Bb1 Be5 27. Nd3 Nf5
28. Nxe5 Ng3+ 29. Kh2 Qxd5 30. Qe3 Nxf1+ 31. Rxf1 Qxe5+ 32. Qxe5+ dxe5 33. Rc1
Kg7 34. Rxc5 Rd8 35. b3 Kf6 36. Bxh7 Bf5 37. Bxf5 Kxf5 38. Rb5 Rd4 39. Rb7 Kf4
40. Rxa7 Ke3 41. Ra5 Kf2 42. Rxe5 Rd2 43. Re4 Kf1 44. Rg4 Rxa2 45. f4 Rb2 46.
f5 Rxb3 47. f6 1-0

[Event "LYM - Open Général"]
[Site "Lausanne - Casino de Montbenon"]
[Date "2006.09.18"]
[Round "7"]
[White "Shoker, Samy"]
[Black "Oei Hwak, Ik"]
[Result "1/2-1/2"]
[WhiteElo "2355"]
[BlackElo "2182"]
[PlyCount "151"]
[EventDate "2006.09.18"]
[SourceDate "2006.09.18"]

1. g3 c5 2. Bg2 Nc6 3. c4 g6 4. Nc3 Bg7 5. a3 d6 6. Rb1 a5 7. d3 Nf6 8. Nf3 O-O
9. O-O h6 10. Ne1 Bd7 11. Nc2 Qc8 12. Re1 Nd4 13. Nxd4 cxd4 14. Nb5 Ne8 15. b3
Bc6 16. Bb2 Bxg2 17. Kxg2 Qc6+ 18. Kg1 e5 19. e3 dxe3 20. Rxe3 Nc7 21. a4 Ne6
22. d4 Ng5 23. h4 Nh3+ 24. Kh2 Nxf2 25. Qe2 exd4 26. Re7 Bf6 27. Qxf2 Bxe7 28.
Qxd4 f6 29. Qe3 Rae8 30. Qxh6 Qe4 31. Rg1 Qe2+ 32. Rg2 Qh5 33. Qxh5 gxh5 34.
Nc7 Rc8 35. Nd5 Bd8 36. Rf2 f5 37. Bd4 Kh7 38. Re2 f4 39. Nxf4 Bf6 40. Bxf6
Rxf6 41. Nxh5 Rf3 42. Re7+ Kh6 43. g4 Rcf8 44. Rxb7 Rc3 45. Ng3 Rf2+ 46. Kg1
Rf4 47. g5+ Kg6 48. h5+ Kxg5 49. Rg7+ Kf6 50. Rg6+ Ke5 51. Ne2 Rxb3 52. Nxf4
Kxf4 53. Rxd6 Rb4 54. h6 Rxc4 55. h7 Rc8 56. Kf2 Rc2+ 57. Ke1 Rh2 58. Rd7 Ke5
59. Ra7 Kd6 60. Kf1 Kc5 61. Kg1 Rh6 62. Rb7 Kc6 63. Rf7 Kc5 64. Kg2 Kb4 65. Kg3
Kxa4 66. Rf4+ Kb3 67. Rh4 Rxh7 68. Rxh7 a4 69. Rb7+ Ka2 70. Kf2 a3 71. Ke2 Ka1
72. Kd2 a2 73. Ra7 Kb1 74. Rb7+ Ka1 75. Ra7 Kb1 76. Rb7+ 1/2-1/2